Districts of Maharashtra Map Quiz - Statistics

General Stats
  • This quiz has been taken 3,025 times
  • The average score is 18 of 36
Answers on the Map
Answers color-coded by a green-red scale on the quiz's map according to % correct below.
 
Answer Stats
Answer % Correct
Akola
63%
Amravati
63%
Aurangabad
63%
Ratnagiri
59%
Sindhudurg
59%
Raigad
57%
Beed
55%
Latur
55%
Nanded
55%
Osmanabad
55%
Palghar
55%
Thane
54%
Mumbai Suburban
53%
Buldana
52%
Gadchiroli
52%
Pune
52%
Yavatmal
52%
Ahmednagar
51%
Jalna
50%
Gondia
48%
Nagpur
48%
Nashik
48%
Chandrapur
46%
Kolhapur
46%
Hingoli
45%
Mumbai City
45%
Washim
45%
Dhule
44%
Nandurbar
44%
Parbhani
44%
Satara
44%
Solapur
44%
Bhandara
43%
Jalgaon
42%
Sangli
42%
Wardha
37%
No matching quizzes found
Score Distribution
Percent of People with Each Score
Percentile by Number Answered
Your Score History
You have not taken this quiz